000 00480nam a22001457a 4500
003 MACL
005 20190404155011.0
008 190404b xxu||||| |||| 00| 0 eng d
040 _cMACL
100 _aशुक्‍ल,आचार्य रामचंद्र
_974125
245 _aजायसी ग्रंथावली
260 _aनई दिल्‍ली
_bलोक शिक्षा मंच
_c2018
650 _aरचनावली
_9163
942 _2ddc
_cHIN
999 _c59258
_d59258